[Event "POLFINAL MISTRZOSTW POLSKI JUNIOROW 2016 - D17"]
[Site "Centrum Kongresow i Rekreacji Orle Gniazdo ul. Wrzosowa 28a, Szczyrk"]
[Date "1899-12-30"]
[Round "3.8"]
[White "Walkowiak, Bogumila"]
[Black "Luka, Agnieszka"]
[Result "1/2-1/2"]
[WhiteTitle "II"]
[BlackTitle "II"]
[WhiteElo "1374"]
[BlackElo "1245"]

1. e4 c5 2. Nf3 d6 3. d4 cxd4 4. Nxd4 Nf6 5. Nc3 g6 6. Be2 Bg7 7. Be3 Nc6 8. O-O
O-O 9. Qd2 Bd7 10. f3 a6 11. Nd5 Nxd5 12. exd5 Nxd4 13. Bxd4 Bxd4+ 14. Qxd4 Bf5
15. c4 Qc7 16. Rac1 Rac8 17. g4 Bd7 18. Bd3 Qc5 19. Qxc5 dxc5 20. Rfe1 Rfe8 21.
b3 Kf8 22. Rc2 Rc7 23. Rce2 b6 24. Kf2 e6 25. Be4 exd5 26. Bxd5 Rxe2+ 27. Rxe2
Bc6 28. Bxc6 Rxc6 29. f4 f6 30. Kf3 Rd6 31. h3 Kf7 32. Re3 Rd2 33. Re2 Rd3+ 34.
Re3 Rd2 35. Re2 Rd3+ 36. Re3 Rd2 37. Re2 Rd3+ 38. Re3 Rd2 39. Re2 Rd3+ 40. Re3
Rd2 1/2-1/2

[Event "POLFINAL MISTRZOSTW POLSKI JUNIOROW 2016 - D17"]
[Site "Centrum Kongresow i Rekreacji Orle Gniazdo ul. Wrzosowa 28a, Szczyrk"]
[Date "1899-12-30"]
[Round "4.1"]
[White "Pluta, Natalia"]
[Black "Ziziuk, Martyna"]
[Result "1-0"]
[WhiteTitle "I"]
[BlackTitle "I"]
[WhiteElo "1664"]
[BlackElo "1589"]

1. d4 d5 2. Nf3 Bf5 3. c4 dxc4 4. Nc3 e6 5. e4 Bg4 6. Qa4+ c6 7. Ne5 Bh5 8. Qxc4
Nd7 9. Nxd7 Qxd7 10. f3 Bd6 11. Be3 Ne7 12. Be2 f5 13. g4 fxg4 14. fxg4 Bf7 15.
O-O-O O-O 16. Qd3 Bg6 17. h4 Nd5 18. h5 Nxe3 19. hxg6 h6 20. Rdg1 Bf4 21. Kb1
Rad8 22. d5 exd5 23. g5 dxe4 24. Qxe4 Qf5 25. gxh6 Bxh6 26. Rg3 Qxe4+ 27. Nxe4
Nd5 28. Bc4 Rf4 29. Bd3 b5 30. Ng5 Bxg5 31. Rxg5 Nf6 32. Bc2 Re8 33. Rc5 Ne4 34.
Bb3+ Kf8 35. Rh8+ Ke7 36. Re5+ Kd6 37. Rhxe8 Nd2+ 38. Kc2 Nxb3 39. Kxb3 Rf6 40.
Re3 Rxg6 41. Ra8 Kc5 42. Rxa7 Rg4 43. Rd7 g5 44. Rc3+ Kb6 45. Rd6 1-0

[Event "POLFINAL MISTRZOSTW POLSKI JUNIOROW 2016 - D17"]
[Site "Centrum Kongresow i Rekreacji Orle Gniazdo ul. Wrzosowa 28a, Szczyrk"]
[Date "1899-12-30"]
[Round "4.2"]
[White "Borkowska, Zuzanna"]
[Black "Stochnialek, Dominika"]
[Result "1/2-1/2"]
[WhiteTitle "I"]
[BlackTitle "I"]
[WhiteElo "1629"]
[BlackElo "1564"]

1. e4 c5 2. Nf3 d6 3. c3 Nf6 4. h3 Nc6 5. Bd3 e5 6. Bc2 g6 7. O-O Bg7 8. Re1 O-O
9. d4 exd4 10. cxd4 Re8 11. Nc3 Nxd4 12. Nxd4 cxd4 13. Nb5 d5 14. exd5 Rxe1+ 15.
Qxe1 Nxd5 16. Bb3 Be6 17. Qe4 Nf6 18. Qxd4 Bxb3 19. axb3 Qxd4 20. Nxd4 Nd5 21.
Be3 Nxe3 22. fxe3 a6 23. Rc1 Bh6 24. Kf2 Re8 25. Rc3 f5 26. g3 Re7 27. Kf3 Kf7
28. h4 Bg7 29. Rc4 Be5 30. b4 Rc7 31. b3 b5 32. Rc5 Bd6 33. Rxc7+ Bxc7 34. h5
Kf6 35. hxg6 hxg6 36. g4 fxg4+ 37. Kxg4 Ke5 38. Kf3 g5 39. Nc6+ Kd5 40. Ne7+ Ke6
41. Nc6 1/2-1/2

[Event "POLFINAL MISTRZOSTW POLSKI JUNIOROW 2016 - D17"]
[Site "Centrum Kongresow i Rekreacji Orle Gniazdo ul. Wrzosowa 28a, Szczyrk"]
[Date "1899-12-30"]
[Round "4.3"]
[White "Jurkiewicz, Zuzanna"]
[Black "Godek, Martyna"]
[Result "1-0"]
[WhiteTitle "I+"]
[BlackTitle "I"]
[WhiteElo "1628"]
[BlackElo "1508"]

1. e4 e5 2. Nf3 Nc6 3. Bc4 Bc5 4. c3 Nf6 5. d3 h6 6. O-O O-O 7. Bb3 d6 8. Nbd2
Bg4 9. h3 Bh5 10. Re1 a6 11. Nf1 Ne7 12. Ng3 Bg6 13. Nh4 c6 14. Qf3 Nh7 15. Bd2
Qe8 16. Nxg6 Nxg6 17. Nf5 Qd7 18. Qg4 Kh8 19. h4 Nf6 20. Qf3 Qd8 21. g4 d5 22.
Rad1 d4 23. Kg2 Ng8 24. g5 N6e7 25. gxh6 Nxf5 26. exf5 Nxh6 27. Bg5 Be7 28. Bxh6
gxh6 29. Qh5 Kg7 30. Kh3 Bxh4 31. Qxh4 Qxh4+ 32. Kxh4 Kf6 33. cxd4 exd4 34. Re4
Rad8 35. Rc1 Rfe8 36. Rce1 Rf8 37. Re7 b6 38. Rc7 Rd6 39. Ree7 Kxf5 40. Rxf7+
Rxf7 41. Rxf7+ Kg6 42. Rb7 c5 43. Ra7 a5 44. Ra8 Kf5 45. Kh5 Rf6 46. Ra7 Kf4 47.
Rh7 Kf3 48. Rxh6 Rxh6+ 49. Kxh6 Kxf2 50. a4 Ke2 51. Bc4 Kd2 52. Kg5 Kc2 53. b3
1-0

[Event "POLFINAL MISTRZOSTW POLSKI JUNIOROW 2016 - D17"]
[Site "Centrum Kongresow i Rekreacji Orle Gniazdo ul. Wrzosowa 28a, Szczyrk"]
[Date "1899-12-30"]
[Round "4.4"]
[White "Tkaczyk, Weronika"]
[Black "Wierzbowska, Aleksandra"]
[Result "1/2-1/2"]
[WhiteTitle "I"]
[BlackTitle "I"]
[WhiteElo "1574"]
[BlackElo "1488"]

1. e4 c5 2. c4 Nc6 3. Nf3 e5 4. Nc3 d6 5. d3 f5 6. Bg5 Be7 7. Bxe7 Ngxe7 8. exf5
Bxf5 9. Nh4 Be6 10. g3 O-O 11. Bg2 Qd7 12. O-O Nd4 13. Ne2 Nec6 14. Qd2 Nxe2+
15. Qxe2 Nd4 16. Qe4 g5 17. Nf3 Bf5 18. Qd5+ Be6 19. Qe4 Bf5 20. Qd5+ Be6 21.
Qe4 Bf5 1/2-1/2

[Event "POLFINAL MISTRZOSTW POLSKI JUNIOROW 2016 - D17"]
[Site "Centrum Kongresow i Rekreacji Orle Gniazdo ul. Wrzosowa 28a, Szczyrk"]
[Date "1899-12-30"]
[Round "4.5"]
[White "Pedrak, Paulina"]
[Black "Trybowska, Barbara"]
[Result "1/2-1/2"]
[WhiteTitle "I"]
[BlackTitle "I"]
[WhiteElo "1546"]
[BlackElo "1519"]

1. e4 e5 2. Nf3 Nc6 3. Bb5 a6 4. Ba4 Nf6 5. O-O b5 6. Bb3 Be7 7. Re1 d6 8. h3 Na5
9. c3 Nxb3 10. Qxb3 Be6 11. Qc2 c5 12. d3 O-O 13. Nbd2 Rc8 14. Nf1 h6 15. Ng3
Nh7 16. Be3 Bg5 17. Nxg5 Nxg5 18. Bxg5 Qxg5 19. Qc1 Qg6 20. Qd1 f5 21. exf5 Bxf5
22. Nxf5 Qxf5 23. Qe2 Rf6 24. Rf1 Rg6 25. Qe3 Qd7 26. f4 Re8 27. fxe5 Rxe5 28.
Qf3 Kh7 29. Rae1 Rf6 30. Qg3 Rg6 31. Qf3 Rf6 32. Qg3 Rg6 33. Qf3 Rf6 34. Qg3 Rg6
35. Qf3 Rf6 36. Qg3 Rg6 37. Qf3 Rf6 38. Qg3 Rg6 39. Qf3 Rf6 40. Qg3 Rxf1+ 41.
Rxf1 1/2-1/2

[Event "POLFINAL MISTRZOSTW POLSKI JUNIOROW 2016 - D17"]
[Site "Centrum Kongresow i Rekreacji Orle Gniazdo ul. Wrzosowa 28a, Szczyrk"]
[Date "1899-12-30"]
[Round "4.6"]
[White "Przepiora, Anna"]
[Black "Kalinowska, Karolina"]
[Result "0-1"]
[WhiteTitle "II+"]
[BlackTitle "I"]
[WhiteElo "1359"]
[BlackElo "1535"]

1. e4 e6 2. d4 d5 3. Nd2 Nf6 4. e5 Nfd7 5. Bd3 c5 6. c3 Nc6 7. Ne2 cxd4 8. cxd4
f6 9. exf6 Nxf6 10. O-O Bd6 11. Nf3 Qc7 12. Nc3 a6 13. Bg5 O-O 14. Bh4 Nh5 15.
Ng5 g6 16. Re1 Bxh2+ 17. Kh1 Qf4 18. Nf3 Nxd4 19. Nxd4 Qxd4 20. Bxg6 Qxh4 21.
Qxh5 Bg3+ 22. Qxh4 Bxh4 23. g3 hxg6 24. gxh4 Rxf2 25. Ne2 e5 26. Kg1 Rf3 27. Rac1
Bg4 28. Nc3 d4 29. Ne4 d3 30. Nd2 Rf5 31. Re3 Be2 32. Kg2 Rd8 33. Rc7 Rf7 34.
Rc3 Re7 35. Kf2 Rd4 36. Re4 Rf7+ 37. Ke3 Rxe4+ 38. Kxe4 Re7 39. Rc5 Kf7 40. Nc4
Kf6 41. Nd2 Rh7 42. Rxe5 Rxh4+ 43. Kd5 Rh5 44. Rxh5 gxh5 45. Ke4 Kg5 46. Ke3 Kg4
47. Kf2 Kf4 48. Kg2 Bg4 0-1

[Event "POLFINAL MISTRZOSTW POLSKI JUNIOROW 2016 - D17"]
[Site "Centrum Kongresow i Rekreacji Orle Gniazdo ul. Wrzosowa 28a, Szczyrk"]
[Date "1899-12-30"]
[Round "4.7"]
[White "Luka, Agnieszka"]
[Black "Winter, Anna"]
[Result "0-1"]
[WhiteTitle "II"]
[BlackTitle "I"]
[WhiteElo "1245"]
[BlackElo "1403"]

1. d4 d5 2. c4 c6 3. Nc3 Nf6 4. Bg5 e6 5. e3 Nbd7 6. Nf3 Be7 7. cxd5 cxd5 8. Bd3
O-O 9. O-O a6 10. Rc1 b5 11. a3 Bb7 12. Qd2 Nb6 13. Ne5 Rc8 14. Rc2 Nc4 15. Nxc4
bxc4 16. Be2 Bc6 17. Na2 Ba4 18. Rcc1 Ne4 19. Bxe7 Nxd2 20. Bxd8 Nxf1 21. Kxf1
Rfxd8 22. Bd1 Bxd1 23. Rxd1 a5 24. Nc3 Rb8 25. Na4 Rb3 26. Rd2 Rdb8 27. Ke1 Kf8
28. Kd1 c3 29. Nxc3 Rxb2 30. g3 Rxd2+ 31. Kxd2 Rb2+ 32. Ke1 Rb3 0-1

[Event "POLFINAL MISTRZOSTW POLSKI JUNIOROW 2016 - D17"]
[Site "Centrum Kongresow i Rekreacji Orle Gniazdo ul. Wrzosowa 28a, Szczyrk"]
[Date "1899-12-30"]
[Round "4.8"]
[White "Kulec, Gabriela"]
[Black "Walkowiak, Bogumila"]
[Result "0-1"]
[WhiteTitle "II"]
[BlackTitle "II"]
[WhiteElo "1150"]
[BlackElo "1374"]

1. c4 e5 2. Nc3 Nf6 3. Nf3 Nc6 4. g3 d5 5. cxd5 Nxd5 6. Bg2 Nb6 7. d3 Be7 8. O-O
O-O 9. b3 Re8 10. Bb2 Kf8 11. Qc2 Nd4 12. Nxd4 exd4 13. Nb5 c5 14. b4 a6 15. bxc5
axb5 16. cxb6 Qxb6 17. Bc1 Be6 18. e3 Rec8 19. Qb1 Bc5 20. Re1 Ra7 21. Re2 Rca8
22. Rb2 dxe3 23. Rxb5 exf2+ 24. Kf1 Qd6 25. Bf4 Qd4 26. Rxb7 Rxb7 27. Bxb7 Rd8
28. Ba6 Bh3+ 29. Ke2 f1=Q+ 30. Qxf1 Bxf1+ 31. Rxf1 Re8+ 32. Kf3 Qd5+ 33. Kg4 h5+
34. Kh4 Be7+ 35. Kh3 Qe6+ 36. Kg2 Qxa6 37. Re1 Qc6+ 38. Kf1 Bb4 39. Rxe8+ Qxe8
40. Kf2 Qe1+ 41. Kf3 Bd2 42. a4 Bxf4 43. Kxf4 Qa5 44. h4 Ke8 45. Ke4 Ke7 46. d4
Qxa4 47. Ke5 Qb5+ 48. d5 Qe2+ 49. Kd4 Kd6 50. g4 Qxg4+ 51. Ke3 Kxd5 52. Kf2 Qh3
53. Kg1 Ke4 54. Kf2 Qf3+ 55. Kg1 Qe2 56. Kh1 Kf3 57. Kg1 Qg2# 0-1

[Event "POLFINAL MISTRZOSTW POLSKI JUNIOROW 2016 - D17"]
[Site "Centrum Kongresow i Rekreacji Orle Gniazdo ul. Wrzosowa 28a, Szczyrk"]
[Date "1899-12-30"]
[Round "5.1"]
[White "Jurkiewicz, Zuzanna"]
[Black "Pluta, Natalia"]
[Result "1/2-1/2"]
[WhiteTitle "I+"]
[BlackTitle "I"]
[WhiteElo "1628"]
[BlackElo "1664"]

1. e4 e5 2. Nf3 Nc6 3. Bc4 Nf6 4. d3 d6 5. c3 Bg4 6. Bb3 Be7 7. O-O O-O 8. Nbd2
d5 9. Re1 d4 10. Nf1 Qd7 11. Qe2 Rad8 12. Bc2 Bxf3 13. Qxf3 Qg4 14. Qxg4 Nxg4
15. h3 Nf6 16. Ng3 g6 17. Rd1 Kg7 18. Ba4 Rd6 19. c4 Nd7 20. f4 f6 21. f5 Nc5
22. Bxc6 Rxc6 23. b3 Rb6 24. Ba3 Re8 25. Bxc5 Bxc5 26. Rdb1 Ba3 27. h4 Ra8 28.
fxg6 hxg6 29. h5 Bb4 30. a3 Bd2 31. hxg6 Kxg6 32. Nf5 Re6 33. Kf2 Rh8 34. Rh1
Ree8 35. a4 Bf4 36. g3 Bg5 37. Kf3 Kf7 38. Ke2 Reg8 39. b4 Ke6 40. Rab1 Kd7 41.
Ra1 Ra8 1/2-1/2

[Event "POLFINAL MISTRZOSTW POLSKI JUNIOROW 2016 - D17"]
[Site "Centrum Kongresow i Rekreacji Orle Gniazdo ul. Wrzosowa 28a, Szczyrk"]
[Date "1899-12-30"]
[Round "5.2"]
[White "Ziziuk, Martyna"]
[Black "Borkowska, Zuzanna"]
[Result "0-1"]
[WhiteTitle "I"]
[BlackTitle "I"]
[WhiteElo "1589"]
[BlackElo "1629"]

1. c4 e6 2. d4 d5 3. cxd5 exd5 4. Nc3 c5 5. Nf3 Nc6 6. e3 Nf6 7. Be2 Bd6 8. dxc5
Bxc5 9. O-O O-O 10. Nd4 Re8 11. a3 a6 12. b4 Ba7 13. Nxc6 bxc6 14. Bf3 Bf5 15.
Bb2 Qd6 16. Ne2 Bg4 17. Nd4 Bxf3 18. Qxf3 Bb8 19. g3 Ne4 20. Qg4 Qe5 21. Rab1
h5 22. Qe2 Qg5 23. f4 Qg6 24. Qg2 Ba7 25. Rbc1 c5 26. bxc5 Nxc5 27. Rxc5 Bxc5
28. Qxd5 Rac8 29. Kg2 Rxe3 30. f5 Qb6 31. Rf2 Rd8 32. Qc6 Bxd4 0-1

[Event "POLFINAL MISTRZOSTW POLSKI JUNIOROW 2016 - D17"]
[Site "Centrum Kongresow i Rekreacji Orle Gniazdo ul. Wrzosowa 28a, Szczyrk"]
[Date "1899-12-30"]
[Round "5.3"]
[White "Stochnialek, Dominika"]
[Black "Tkaczyk, Weronika"]
[Result "1-0"]
[WhiteTitle "I"]
[BlackTitle "I"]
[WhiteElo "1564"]
[BlackElo "1574"]

1. e4 e5 2. Nf3 Nc6 3. Bc4 Bc5 4. b4 Bxb4 5. c3 Be7 6. d4 Nf6 7. Nxe5 Nxe5 8. dxe5
O-O 9. exf6 Bxf6 10. O-O Qe7 11. Ba3 d6 12. Re1 Qe5 13. Qd5 Qf4 14. Qd3 Re8 15.
Bd5 Re7 16. Nd2 Rb8 17. Nc4 Be6 18. Ne3 Qe5 19. Rac1 Rd7 20. Bxe6 Qxe6 21. Qd5
Qe8 22. f4 c6 23. Qd3 Qd8 24. Ng4 Be7 25. c4 Qc7 26. Re3 Rbd8 27. Rh3 g6 28. Qc3
f6 29. Nxf6+ Bxf6 30. Qxf6 Rf7 31. Qg5 Re8 32. f5 Rg7 33. f6 Rf7 34. Qf4 Re6 35.
Rf3 Qd8 36. Rcf1 a6 37. h4 Re5 38. Kh1 Qe8 39. Bxd6 Rxe4 40. Qg5 Qe6 41. c5 Rg4
42. Re3 Re4 43. Rxe4 Qxe4 44. Qf4 Qe6 45. Qf2 b6 46. Be7 b5 47. Qd2 Qc8 48. Rd1
h5 49. Qd8+ Qxd8 50. Rxd8+ Kh7 51. Rc8 1-0

[Event "POLFINAL MISTRZOSTW POLSKI JUNIOROW 2016 - D17"]
[Site "Centrum Kongresow i Rekreacji Orle Gniazdo ul. Wrzosowa 28a, Szczyrk"]
[Date "1899-12-30"]
[Round "5.4"]
[White "Wierzbowska, Aleksandra"]
[Black "Kalinowska, Karolina"]
[Result "1/2-1/2"]
[WhiteTitle "I"]
[BlackTitle "I"]
[WhiteElo "1488"]
[BlackElo "1535"]

1. d4 e6 2. c4 f5 3. Nc3 Nf6 4. Nf3 Bb4 5. a3 Bxc3+ 6. bxc3 b6 7. Bg5 h6 8. Bxf6
Qxf6 9. Qb3 Nc6 10. e3 O-O 11. Be2 Ba6 12. O-O-O d5 13. Qa4 Na5 14. Ne5 Qd8 15.
Rhe1 Qe8 16. Qxe8 Rfxe8 17. cxd5 Bxe2 18. Rxe2 exd5 19. Rb2 a6 20. a4 Rad8 21.
Kc2 Rd6 22. Kd3 Nc6 23. f4 Na5 24. Rf1 Rde6 25. Rf3 c5 26. Rh3 c4+ 27. Kd2 Nb3+
28. Kc2 Rb8 29. Rh5 Rf8 30. Rxb3 cxb3+ 31. Kxb3 Kh7 32. c4 dxc4+ 33. Kxc4 g6 34.
Rh3 Kg7 35. Kd5 Ref6 36. g4 Rd8+ 37. Kc4 fxg4 38. Nxg4 Rc6+ 39. Kb4 Rdc8 40. Ne5
Rc2 41. Rg3 Rb2+ 42. Ka3 Rcc2 43. Rxg6+ Kh7 44. Rc6 Ra2+ 45. Kb3 Rab2+ 1/2-1/2

[Event "POLFINAL MISTRZOSTW POLSKI JUNIOROW 2016 - D17"]
[Site "Centrum Kongresow i Rekreacji Orle Gniazdo ul. Wrzosowa 28a, Szczyrk"]
[Date "1899-12-30"]
[Round "5.5"]
[White "Trybowska, Barbara"]
[Black "Walkowiak, Bogumila"]
[Result "1-0"]
[WhiteTitle "I"]
[BlackTitle "II"]
[WhiteElo "1519"]
[BlackElo "1374"]

1. e4 e5 2. Nf3 Nc6 3. Bc4 Bc5 4. d3 Nf6 5. Nc3 d6 6. h3 h6 7. O-O O-O 8. Ne2 Ne7
9. Be3 Bb6 10. Ng3 Be6 11. Bb3 Ng6 12. Qd2 Kh7 13. Rae1 Qd7 14. Kh2 Rae8 15. d4
exd4 16. Bxd4 Ne5 17. Ng1 Bxb3 18. axb3 d5 19. Bxe5 Rxe5 20. f4 Ree8 21. e5 Ng8
22. f5 g6 23. Nf3 Ne7 24. Nh4 c6 25. f6 Ng8 26. Qd3 Bc7 27. Qd4 Bb6 28. Qd3 Bc7
29. Nf3 Kh8 30. Qd2 Kh7 31. Re2 Re6 32. Rfe1 Rd8 33. Nd4 Ree8 34. Qd3 Bb6 35.
Ndf5 Bc7 36. Nh4 Bb8 37. Kh1 Re6 38. Nh5 Rde8 39. Nf3 Rd8 40. g3 Rc8 41. Nf4 Ree8
42. Nh4 Rcd8 43. Kh2 Rf8 44. Nhxg6 fxg6 45. Nxg6 Qc8 46. Nxf8+ Kh8 47. Qh7# 1-0

[Event "POLFINAL MISTRZOSTW POLSKI JUNIOROW 2016 - D17"]
[Site "Centrum Kongresow i Rekreacji Orle Gniazdo ul. Wrzosowa 28a, Szczyrk"]
[Date "1899-12-30"]
[Round "5.6"]
[White "Godek, Martyna"]
[Black "Jakubowska, Urszula"]
[Result "0-1"]
[WhiteTitle "I"]
[BlackTitle "I"]
[WhiteElo "1508"]
[BlackElo "1319"]

1. e4 e6 2. d4 d5 3. exd5 exd5 4. Bd3 Be6 5. Nf3 Nd7 6. O-O Be7 7. h3 g5 8. Nh2
h5 9. f4 gxf4 10. Bxf4 Ngf6 11. Qf3 Rg8 12. Nd2 c6 13. c3 Qb6 14. Rab1 c5 15.
dxc5 Bxc5+ 16. Kh1 d4 17. c4 Bd6 18. Bxd6 Qxd6 19. Qxb7 Rb8 20. Qf3 Rg3 21. Qe2
Re3 22. Qf2 Rxd3 23. Nhf3 Re3 24. b3 Nc5 25. Nxd4 Qxd4 26. Qxf6 Qxf6 27. Rxf6
Re2 28. Rh6 Ke7 29. Rxh5 Rxd2 30. Rxc5 Rxa2 31. Rg5 Bxc4 32. Re1+ Be6 33. Rg3
Ra3 34. Rc3 Rbxb3 35. Rxb3 Rxb3 36. Ra1 Rb7 37. Kh2 Kf6 38. Ra5 Kg6 39. Kg3 Bc4
40. Rc5 Bb5 41. Rc3 Rd7 42. Ra3 Rd3+ 43. Rxd3 Bxd3 0-1

[Event "POLFINAL MISTRZOSTW POLSKI JUNIOROW 2016 - D17"]
[Site "Centrum Kongresow i Rekreacji Orle Gniazdo ul. Wrzosowa 28a, Szczyrk"]
[Date "1899-12-30"]
[Round "5.7"]
[White "Winter, Anna"]
[Black "Pedrak, Paulina"]
[Result "1/2-1/2"]
[WhiteTitle "I"]
[BlackTitle "I"]
[WhiteElo "1403"]
[BlackElo "1546"]

1. e4 c5 2. d3 e6 3. g3 a6 4. Bg2 d5 5. e5 Nc6 6. f4 Nge7 7. Nf3 Qb6 8. Nc3 Nf5
9. g4 Nfd4 10. Nxd4 Nxd4 11. h3 Be7 12. O-O g6 13. Ne2 Nc6 14. Ng3 Bh4 15. Ne2
Bd7 16. b3 h6 17. Bb2 Ne7 18. d4 c4 19. Ba3 Bb5 20. Bc5 Qc7 21. Bd6 Qb6 22. Bc5
Qc7 23. Bd6 Qb6 24. Bc5 Qc7 25. Bd6 1/2-1/2

[Event "POLFINAL MISTRZOSTW POLSKI JUNIOROW 2016 - D17"]
[Site "Centrum Kongresow i Rekreacji Orle Gniazdo ul. Wrzosowa 28a, Szczyrk"]
[Date "1899-12-30"]
[Round "5.8"]
[White "Kulec, Gabriela"]
[Black "Przepiora, Anna"]
[Result "0-1"]
[WhiteTitle "II"]
[BlackTitle "II+"]
[WhiteElo "1150"]
[BlackElo "1359"]

1. c4 e6 2. Nc3 d5 3. cxd5 exd5 4. d4 Nf6 5. g3 Be7 6. Bg2 O-O 7. e3 b6 8. Nf3
Bb7 9. O-O Nbd7 10. b3 c5 11. Bb2 Ne4 12. Rc1 Rc8 13. Nb5 a6 14. Na3 Ndf6 15.
Ne5 Bd6 16. f3 Ng5 17. h4 Ne6 18. Nb1 Nh5 19. f4 Nxg3 20. Rf3 Qxh4 21. Qe1 Nf5
22. Rh3 Qxe1+ 23. Rxe1 cxd4 24. exd4 Nxf4 25. Rf3 Nxg2 26. Kxg2 Nh4+ 0-1

[Event "POLFINAL MISTRZOSTW POLSKI JUNIOROW 2016 - D17"]
[Site "Centrum Kongresow i Rekreacji Orle Gniazdo ul. Wrzosowa 28a, Szczyrk"]
[Date "1899-12-30"]
[Round "6.1"]
[White "Borkowska, Zuzanna"]
[Black "Pluta, Natalia"]
[Result "0-1"]
[WhiteTitle "I"]
[BlackTitle "I"]
[WhiteElo "1629"]
[BlackElo "1664"]

1. e4 e5 2. Nf3 Nc6 3. Bc4 Nf6 4. d3 Be7 5. O-O O-O 6. Nc3 d6 7. h3 Na5 8. Bb3
Nxb3 9. axb3 h6 10. Be3 c5 11. Nd2 d5 12. exd5 Nxd5 13. Nxd5 Qxd5 14. Qf3 Qxf3
15. Nxf3 Bd6 16. b4 cxb4 17. Rxa7 Rxa7 18. Bxa7 Bf5 19. Re1 Rc8 20. Nxe5 Rxc2
21. Nc4 Bf4 22. Rd1 Rc1 23. Rxc1 Bxc1 24. Bd4 Bxd3 25. Na5 b5 26. Nb3 Bf4 27.
g3 Bd6 28. Kg2 Bc4 29. Nd2 f6 30. Nxc4 bxc4 31. Kf3 Kf7 32. Ke4 Ke6 33. f4 f5+
34. Ke3 g6 35. Bg7 Bc5+ 36. Kd2 h5 37. Ke2 Kd5 38. Bf6 Ke4 39. Bg7 Bd4 40. Bf8
Bxb2 41. Bxb4 c3 0-1

[Event "POLFINAL MISTRZOSTW POLSKI JUNIOROW 2016 - D17"]
[Site "Centrum Kongresow i Rekreacji Orle Gniazdo ul. Wrzosowa 28a, Szczyrk"]
[Date "1899-12-30"]
[Round "6.2"]
[White "Stochnialek, Dominika"]
[Black "Jurkiewicz, Zuzanna"]
[Result "1-0"]
[WhiteTitle "I"]
[BlackTitle "I+"]
[WhiteElo "1564"]
[BlackElo "1628"]

1. e4 c5 2. Nf3 d6 3. d4 cxd4 4. Nxd4 Nf6 5. Nc3 g6 6. Be3 Bg7 7. Qd2 a6 8. f3
b5 9. Bh6 Bxh6 10. Qxh6 Bb7 11. g4 Qb6 12. O-O-O Nbd7 13. h4 O-O-O 14. Qd2 Kb8
15. g5 Ne8 16. Nd5 Bxd5 17. exd5 Kb7 18. Nc6 Rc8 19. Nxe7 Rc7 20. Nc6 Ng7 21.
Bh3 Nc5 22. Qf4 Na4 23. Rhe1 Qc5 24. Qd4 Qxd4 25. Rxd4 Nb6 26. b3 Nxd5 27. Na5+
Kb6 28. Rxd5 Kxa5 29. Rxd6 h6 30. Bg4 hxg5 31. hxg5 Rh2 32. Rd2 Rh4 33. Rde2 Nh5
34. Re7 Rc5 35. a3 Rxg5 36. Rxf7 Rh2 37. Rc7 Nf6 38. Rc6 Nd5 39. Rd1 1-0

[Event "POLFINAL MISTRZOSTW POLSKI JUNIOROW 2016 - D17"]
[Site "Centrum Kongresow i Rekreacji Orle Gniazdo ul. Wrzosowa 28a, Szczyrk"]
[Date "1899-12-30"]
[Round "6.3"]
[White "Jakubowska, Urszula"]
[Black "Wierzbowska, Aleksandra"]
[Result "0-1"]
[WhiteTitle "I"]
[BlackTitle "I"]
[WhiteElo "1319"]
[BlackElo "1488"]

1. b4 e5 2. Bb2 Bxb4 3. Bxe5 Nf6 4. e3 O-O 5. Nf3 d5 6. c3 Ba5 7. h3 c5 8. Qa4
Nc6 9. Bxf6 Qxf6 10. Bd3 a6 11. Qc2 h6 12. O-O Bxh3 13. Be2 Bf5 14. Qd1 d4 15.
Qb3 d3 16. Bd1 b5 17. Qd5 c4 18. e4 Bg4 19. a4 Rab8 20. axb5 Rxb5 21. Qxc4 Bxf3
22. Bxf3 Ne5 23. Qxb5 Nxf3+ 24. gxf3 axb5 25. Rxa5 Qxf3 26. Re1 Re8 27. Re3 Qd1+
28. Kg2 Qxb1 29. e5 Re6 30. Ra8+ Kh7 31. Rb8 Rg6+ 32. Rg3 Rxg3+ 33. Kxg3 Qb2 34.
Rb7 Qxd2 35. Rxf7 Qg5+ 0-1

[Event "POLFINAL MISTRZOSTW POLSKI JUNIOROW 2016 - D17"]
[Site "Centrum Kongresow i Rekreacji Orle Gniazdo ul. Wrzosowa 28a, Szczyrk"]
[Date "1899-12-30"]
[Round "6.4"]
[White "Tkaczyk, Weronika"]
[Black "Trybowska, Barbara"]
[Result "1/2-1/2"]
[WhiteTitle "I"]
[BlackTitle "I"]
[WhiteElo "1574"]
[BlackElo "1519"]

1. e4 e5 2. Nf3 Nc6 3. Bc4 Be7 4. c3 Nf6 5. d3 d6 6. b4 O-O 7. h3 h6 8. Be3 a6
9. a4 Be6 10. Nbd2 Qc8 11. Bxe6 fxe6 12. d4 exd4 13. Nxd4 Nxd4 14. cxd4 d5 15.
e5 Nh7 16. Rb1 Qe8 17. O-O Rf7 18. Qb3 Nf8 19. f4 Qd7 20. Rf2 Ng6 21. g3 Bd8 22.
Qd3 Ne7 23. Nb3 b6 24. Ra2 Nc6 25. Nd2 a5 26. bxa5 Nxa5 27. Kh2 Be7 28. Rc1 Bd8
29. Rb1 Be7 30. Rc1 Bd8 31. Rb1 Be7 1/2-1/2

[Event "POLFINAL MISTRZOSTW POLSKI JUNIOROW 2016 - D17"]
[Site "Centrum Kongresow i Rekreacji Orle Gniazdo ul. Wrzosowa 28a, Szczyrk"]
[Date "1899-12-30"]
[Round "6.5"]
[White "Kalinowska, Karolina"]
[Black "Winter, Anna"]
[Result "1/2-1/2"]
[WhiteTitle "I"]
[BlackTitle "I"]
[WhiteElo "1535"]
[BlackElo "1403"]

1. e4 d5 2. exd5 Qxd5 3. Nc3 Qd6 4. d4 c6 5. Nf3 Nf6 6. g3 Bg4 7. Bg2 e6 8. O-O
Qc7 9. Re1 Bd6 10. Ne4 Nxe4 11. Rxe4 Bf5 12. Re1 O-O 13. c4 Nd7 14. Qb3 Rfe8 15.
Nh4 Bg6 16. Bd2 Nf6 17. Bc3 Be7 18. Rad1 Rad8 19. Nxg6 hxg6 20. d5 exd5 21. cxd5
cxd5 22. Bxd5 Nxd5 23. Rxd5 b6 24. Rde5 Qd7 25. R5e4 Bc5 26. Qc4 Rxe4 27. Qxe4
Qd5 28. Qh4 Qd7 29. Qe4 Qd5 30. Qh4 Qd7 31. Qe4 Qd5 32. Qh4 Qd7 1/2-1/2

[Event "POLFINAL MISTRZOSTW POLSKI JUNIOROW 2016 - D17"]
[Site "Centrum Kongresow i Rekreacji Orle Gniazdo ul. Wrzosowa 28a, Szczyrk"]
[Date "1899-12-30"]
[Round "6.6"]
[White "Walkowiak, Bogumila"]
[Black "Ziziuk, Martyna"]
[Result "0-1"]
[WhiteTitle "II"]
[BlackTitle "I"]
[WhiteElo "1374"]
[BlackElo "1589"]

1. e4 e5 2. Nf3 Nc6 3. Bc4 Bc5 4. c3 Nf6 5. d3 O-O 6. Bg5 Be7 7. O-O d6 8. h3 Na5
9. Bb3 Nxb3 10. Qxb3 Rb8 11. Nbd2 Be6 12. Qc2 Nh5 13. Bxe7 Qxe7 14. d4 Nf4 15.
Kh2 Qf6 16. d5 Bd7 17. Qd1 Qh6 18. Ng1 f5 19. f3 Nh5 20. Ne2 Nf6 21. c4 Kh8 22.
Qe1 f4 23. Nb3 g5 24. c5 g4 25. Ng1 gxh3 26. gxh3 Rg8 27. Rf2 Rg3 28. Qf1 Rbg8
29. Rc1 Rxg1 0-1

[Event "POLFINAL MISTRZOSTW POLSKI JUNIOROW 2016 - D17"]
[Site "Centrum Kongresow i Rekreacji Orle Gniazdo ul. Wrzosowa 28a, Szczyrk"]
[Date "1899-12-30"]
[Round "6.7"]
[White "Przepiora, Anna"]
[Black "Luka, Agnieszka"]
[Result "1-0"]
[WhiteTitle "II+"]
[BlackTitle "II"]
[WhiteElo "1359"]
[BlackElo "1245"]

1. e4 Nf6 2. e5 Nd5 3. c4 Nb6 4. d4 d6 5. exd6 cxd6 6. Nc3 g6 7. Bd3 Bg7 8. Be3
Nc6 9. Nge2 Nb4 10. Bb1 O-O 11. a3 Nc6 12. b3 Nd7 13. O-O b6 14. Qd2 Bb7 15. Bh6
Nf6 16. Bxg7 Kxg7 17. f4 e6 18. d5 exd5 19. Nxd5 Nxd5 20. Qxd5 Qe7 21. Qd2 Rad8
22. f5 Kg8 23. f6 Qe5 24. Qh6 1-0

[Event "POLFINAL MISTRZOSTW POLSKI JUNIOROW 2016 - D17"]
[Site "Centrum Kongresow i Rekreacji Orle Gniazdo ul. Wrzosowa 28a, Szczyrk"]
[Date "1899-12-30"]
[Round "6.8"]
[White "Pedrak, Paulina"]
[Black "Kulec, Gabriela"]
[Result "0-1"]
[WhiteTitle "I"]
[BlackTitle "II"]
[WhiteElo "1546"]
[BlackElo "1150"]

1. e4 e5 2. Nf3 Nc6 3. Bb5 d6 4. d4 exd4 5. Nxd4 Bd7 6. O-O Nxd4 7. Bxd7+ Qxd7
8. Qxd4 c5 9. Qd3 Nf6 10. Rd1 h6 11. Nc3 a6 12. Qe2 Qe6 13. Bf4 Be7 14. Rd2 O-O
15. Rad1 Rad8 16. Qf3 b5 17. Nd5 Nxd5 18. Rxd5 Rfe8 19. Qd3 Bf6 20. f3 Bxb2 21.
Bxd6 Bd4+ 22. Rxd4 cxd4 23. Qxd4 Qxa2 24. c3 f6 25. f4 Qe2 26. Qd2 Qxd2 27. Rxd2
Rxe4 28. f5 Rc4 29. Kf2 Rxc3 30. Bf4 Rxd2+ 31. Bxd2 Rc4 32. Ke2 Kf8 33. Kd3 Ke7
34. h3 Kd6 35. g3 Kd5 36. Ba5 b4 37. Bd8 b3 38. g4 b2 0-1